000
00343nam a2200145Ia 4500
008
230718s9999 xx 000 0 und d
041
_a
Eng.
082
_a
346.015
_b
HAY-T
100
_a
Hayat, Muhamma Asim
245
4
_a
The Manual of Family law
260
_a
Pakistan
_b
khyber law publisher
300
_a
825
650
_a
Law
999
_c
29560
_d
29560